| 000 | 00773nam a2200253 i 4500 | ||
|---|---|---|---|
| 001 | bg | ||
| 100 | 1 | _aSZYMAŃSKA, Aneta | |
| 245 | 1 | 0 |
_aPublic relations w systemie zintegrowanej komunikacji marketingowej / _cAneta Szymańska. |
| 250 | _aWyd. 2. | ||
| 260 |
_aWrocław : _b"Unimex", _ccop. 2005. |
||
| 300 |
_a388 s. : _brys., wykr. ; _c24 cm. |
||
| 504 | _aBibliogr. s. 367-377. Indeks. | ||
| 650 | 9 | _aKomunikowanie marketingowe | |
| 650 | 9 | _aPublic relations | |
| 655 | _aPodręczniki | ||
| 020 | _a8388785699 | ||
| 040 | _cBPK | ||
| 041 | 0 | _apol | |
| 080 | _a659.4:339.138:316.77](07) | ||
| 920 | _a83-88785-69-9 | ||
| 942 | _cKS | ||
| 008 | s pl f |000 0 pol | ||
| 999 |
_c45732 _d45732 |
||
| 856 |
_uhttp://koha.tu.koszalin.pl/cgi-bin/koha/opac-detail.pl?biblionumber=45732 _yKatalog online BPK |
||